Advancements in Catalytic Conversion of Biomass into Biofuels and Chemicals (Record no. 34399)

MARC details
000 -LEADER
fixed length control field 00742nam a2200121Ia 4500
008 - FIXED-LENGTH DATA ELEMENTS--GENERAL INFORMATION
fixed length control field 220620s9999||||xx |||||||||||||| ||und||
245 #0 - TITLE STATEMENT
Title Advancements in Catalytic Conversion of Biomass into Biofuels and Chemicals
546 ## - LANGUAGE NOTE
Language note English[eng]
650 ## - SUBJECT ADDED ENTRY--TOPICAL TERM
Topical term or geographic name entry element biomass||xylan||lignin||cellulose||pretreatment||solid superacid catalyst||sulfated tin(IV) oxide||α-pinene partial coupling||renewable high-density fuel||biofuel||biorefinery||sugar-decomposed||enzymatic hydrolysis||waste biomass||kinetics||biomass pre-treatment||green diesel||renewable diesel||Ni catalyst||hydrodeoxygenation||Cu-promotion effect||catalysts||solvents
700 ## - ADDED ENTRY--PERSONAL NAME
Personal name Kim, Tae Hyun||Yoo, Chang Geun
856 ## - ELECTRONIC LOCATION AND ACCESS
Uniform Resource Identifier <a href="https://mdpi.com/books/pdfview/book/3188">https://mdpi.com/books/pdfview/book/3188</a>
942 ## - ADDED ENTRY ELEMENTS (KOHA)
Koha item type E-Books
Holdings
Withdrawn status Lost status Damaged status Not for loan Home library Current library Date acquired Total Checkouts Date last seen Price effective from Koha item type
        Kerala University of Digital Sciences, Innovation and Technology Knowledge Centre Kerala University of Digital Sciences, Innovation and Technology Knowledge Centre 20/06/2022   20/06/2022 20/06/2022 E-Books